| 000 | 00706nam a2200229 i 4500 | ||
|---|---|---|---|
| 001 | 60505 | ||
| 003 | ES-MaACL | ||
| 005 | 20230906164239.0 | ||
| 007 | t| | ||
| 008 | 031105s1967 sp ||||1| spa d | ||
| 100 | 1 |
_aEspinar, Modesto. _947845 |
|
| 245 | 1 | 4 |
_aUna democracia para España / _cModesto Espinar. |
| 260 |
_aMadrid : _bEdicusa, _c1967. |
||
| 300 |
_a187 p. ; _c18 cm. |
||
| 490 | 1 |
_aCuadernos para el diálogo ; _v13 |
|
| 650 | 4 |
_aDemocracia- _zEspaña. _9145899 |
|
| 651 | 4 |
_aEspaña- _xHistoria- _y1939-1975, Dictadura. _9167928 |
|
| 710 | 2 |
_aCuadernos para el Diálogo. _93333 |
|
| 830 | 1 |
_aCuadernos para el diálogo ; _v13 _9181812 |
|
| 852 |
_aES-MaACL _jC-33333 |
||
| 999 |
_c60505 _d60505 |
||